000 00455nam a2200181Ia 4500
008 240925s9999 xx 000 0 und d
020 _a007123201X
082 _a621.3824 KRA
100 _aKraus, John D.
245 0 _aAntennas For All Application
250 _aNA
260 _aBoston:
_bMC Graw-Hill
_c,2003.
300 _axxii,804p.
_bNA
_fOriginal
500 _aNA
600 _aTelecommunication Engineering
650 _aTechnology
942 _cBK
999 _c8084
_d8084